Vista normal
Vista MARC
Entrada Nombre corporativo
Número de registros utilizados en: 3
001 - NÚMERO DE CONTROL
- campo de control: 7296
003 - IDENTIFICADOR DE NÚMERO DE CONTROL
- campo de control: OSt
005 - FECHA Y HORA DE LA ÚLTIMA TRANSACCIÓN
- campo de control: 20221005155237.0
008 - ELEMENTOS DE DATO DE LONGITUD-FIJA
- campo de control de longitud fija: 221005|| aca||aabn | a|a d
040 ## - FUENTE DE CATALOGACIÓN
- Centro catalogador/agencia de origen: OSt
- Centro/agencia transcriptor: OSt
110 ## - ENCABEZAMIENTO-NOMBRE DE ENTIDAD CORPORATIVA
- Nombre de entidad corporativa o nombre de jurisdicción como elemento de entrada: MESA DE DIALOGO SOCIAL SOBRE PREVENCION DE RIESGOS LABORALES
- Fecha del congreso o de la firma del tratado: 2001
670 ## - FUENTE DE DATOS ENCONTRADOS
- Cita de la fuente: Work cat.: (OSt)7323: MESA DE DIALOGO SOCIAL SOBRE PREVENCION DE RIESGOS LABORALES 2001, Acuerdos y propuestas que se elevan a la mesa general [sobre prevención de riesgos laborales] /, 2001